Statistiques concernant Carte du monde sans 40 pays aléatoires

Cliquez ici pour prendre le quiz!

Statistiques générales

  • Ce quiz a été pris 2 543 fois
  • Le résultat moyen est 34 sur 40

Réponses sur la Carte

Les réponses sont colorées sur une échelle allant du rouge au vert en fonction du pourcentage des utilisateurs qui les ont devinées à leur premier essai. Vous pouvez retrouver ces pourcentages ci-dessous.
 

Statistiques - réponses

pays% Correct
Allemagne
100%
Brésil
100%
Chine
100%
Espagne
100%
Indonésie
100%
Argentine
99%
Canada
99%
États-Unis
99%
France
99%
Mexique
99%
Russie
99%
Afrique du Sud
98%
Algérie
98%
Colombie
98%
Pérou
98%
Pologne
98%
Suisse
98%
Inde
97%
Italie
97%
Paraguay
97%
Ukraine
97%
Arabie Saoudite
96%
Bolivie
96%
Équateur
96%
Mongolie
96%
Biélorussie
95%
Namibie
95%
Soudan
95%
Turquie
95%
Angola
94%
Australie
94%
Égypte
94%
Éthiopie
94%
Népal
94%
Rép Dém Congo
94%
Slovaquie
94%
Soudan du Sud
94%
Venezuela
94%
Afghanistan
93%
Côte d'Ivoire
93%
Japon
93%
Portugal
93%
Tchèquie
93%
Chili
92%
Finlande
92%
Iran
92%
Kazakhstan
92%
Libye
92%
Mali
92%
Suède
92%
Autriche
91%
Corée du Sud
91%
Hongrie
91%
Norvège
91%
Pakistan
91%
République Centrafricaine
91%
Roumanie
91%
Tchad
91%
Zimbabwe
91%
Guyana
90%
Kenya
90%
Moldavie
90%
Sénégal
90%
Tunisie
90%
Yémen
90%
Zambie
90%
Maroc
89%
Nicaragua
89%
Niger
89%
Nigeria
89%
Ouzbékistan
89%
Tanzanie
89%
Uruguay
89%
Belgique
88%
Bosnie-Herzégovine
88%
Congo
88%
Guatemala
88%
Irak
88%
Mauritanie
88%
Ouganda
88%
Panama
88%
Thaïlande
88%
Cameroun
86%
Danemark
86%
Macédoine du Nord
86%
Royaume-Uni
86%
Serbie
86%
Croatie
85%
Laos
85%
Lituanie
85%
Birmanie
84%
Ghana
84%
Kirghizistan
84%
Philippines
84%
Bénin
83%
Cuba
83%
Grèce
83%
Lettonie
83%
Viêt Nam
83%
Costa Rica
82%
Guinée
82%
Mozambique
82%
Nouvelle-Zélande
82%
Slovénie
82%
Burkina Faso
81%
Corée du Nord
81%
Guinée-Bissau
81%
Jordanie
81%
Lesotho
81%
Suriname
81%
Syrie
81%
Togo
81%
Turkménistan
81%
Botswana
80%
Bulgarie
80%
Géorgie
80%
Liberia
80%
Honduras
79%
Oman
79%
Tadjikistan
79%
Irlande
78%
Madagascar
78%
Rwanda
78%
Sri Lanka
78%
Bangladesh
77%
Kosovo
77%
Pays-Bas
77%
Sierra Leone
77%
Taïwan
77%
Arménie
76%
Estonie
76%
Gabon
76%
Érythrée
75%
Malaisie
75%
Papouasie-Nouvelle-Guinée
75%
Somalie
74%
Eswatini
73%
Islande
73%
Comores
72%
Maldives
72%
Seychelles
72%
Azerbaïdjan
71%
République Dominicaine
71%
Bahamas
69%
Burundi
69%
Kiribati
69%
Salvador
69%
Îles Salomon
68%
Malte
68%
Sao Tomé-et-Principe
68%
Albanie
67%
Cambodge
67%
Micronésie
67%
Fidji
65%
Israël
65%
Jamaïque
65%
Belize
64%
Tonga
64%
Malawi
63%
Haïti
62%
Émirats Arabes Unis
61%
Tuvalu
61%
Guinée Équatoriale
58%
Vanuatu
57%
Maurice
56%
Samoa
55%
Îles Marshall
54%
Palaos
53%
Koweït
49%
Nauru
43%
Cabo Verde
21%

Distribution des résultats

Percentile par nombre de réponses

% des personnes avec chaque résultat

Votre développement - résultats

Vous n’avez pas pris ce quiz